| 000 | 00000nas 2200000zi 4500 |
| 001 | 9.871129 |
| 003 | CaOODSP |
| 005 | 20250131142647 |
| 006 | m o d f |
| 007 | cr ||||||||||| |
| 008 | 190404d19681993oncar p o f0###b0fre|d |
| 040 | |aCaOODSP|bfre|erda|cCaOODSP |
| 043 | |an-cn--- |
| 086 | 1 |aRG1-PDF |
| 086 | 1 |aRG1F-PDF |
| 110 | 1 |aCanada. |bConsommation et corporations Canada, |eauteur, |eorganisme de publication. |
| 245 | 10|aRapport annuel pour l'exercice clos le 31 mars ... |
| 246 | 30|aRapport annuel |
| 264 | 1|a[Ottawa] : |bConsommation et Corporations = Consumer and Corporate Affairs, |c1968-1993. |
| 310 | |aAnnuel |
| 336 | |atexte|btxt|2rdacontent/fre |
| 337 | |ainformatique|bc|2rdamedia/fre |
| 338 | |aressource en ligne|bcr|2rdacarrier/fre |
| 362 | 1 |aParaît depuis 1968; ne paraît plus après 1993. |
| 500 | |aPublié aussi en anglais sous le titre : Annual report for the fiscal year ended March 31 ... |
| 500 | |aÉdition numérisée de l'imprimé [par Innovation, Sciences et Développement économique Canada]. |
| 530 | |aPublié aussi en format de l'imprimé. |
| 546 | |aPublié en anglais et en français (1971/1972-1979/1980). |
| 610 | 10|aCanada. |bMinistère de la consommation et des corporations.|vPériodiques. |
| 650 | 6|aConsommateurs|xProtection|zCanada|vPériodiques. |
| 650 | 6|aSociétés|zCanada|vPériodiques. |
| 650 | 6|aBrevets d'invention|zCanada|vPériodiques. |
| 650 | 6|aMarques de commerce|zCanada|vPériodiques. |
| 655 | 7|aPériodiques|2rvmgf |
| 775 | 08|tAnnual report for the fiscal year ended march 31 ...|w(CaOODSP)9.871126 |
| 780 | 00|tRapport du Commissaire des brevets.|w(CaOODSP)9.947273 |